[Event "ARG-ch U20"]
[Site "Concordia"]
[Date "2017.04.04"]
[Round "3"]
[White "Rudenko, Matias"]
[Black "Castrignano, Nahuel"]
[Result "0-1"]
[WhiteElo "1291"]
[BlackElo "1707"]
[PlyCount "66"]
[EventDate "2017.04.03"]
[EventType "tourn"]
[EventRounds "7"]
[EventCountry "ARG"]
[SourceTitle "CBM 178 Extra"]
[Source "ChessBase"]
[SourceDate "2017.06.22"]
[SourceVersion "1"]
[SourceVersionDate "2017.06.22"]
[SourceQuality "1"]

1. e4 g6 2. d4 d6 3. Nf3 Bg7 4. Nc3 Nf6 5. Bd3 0-0 6. 0-0 Nbd7 7. Bd2 c5 8. dxc5 Nxc5 9. Re1 a6 10. a4 Ng4 11. h3 Ne5 12. Be2 f5 13. exf5 Bxf5 14. Qc1 Qd7 15. Kh2 Nxf3+ 16. Bxf3 Bxh3 17. Bd5+ Be6 18. Bxe6+ Nxe6 19. Rxe6 Qxe6 20. Qe1 Qxe1 21. Bxe1 Rf5 22. Rd1 Bxc3 23. bxc3 Rc8 24. Rb1 b5 25. axb5 Rxb5 26. Ra1 Rh5+ 27. Kg1 Rb8 28. Kf1 Rb2 29. Rc1 a5 30. c4 a4 31. Bc3 Rh1+ 32. Ke2 Rxc1 33. Bxb2 Rxc2+ 0-1